|
|
|
|
| LEADER |
00000nam0a2200000 4500 |
| 001 |
252479 |
| 005 |
20231101232744.0 |
| 010 |
|
|
|a 5283001865
|
| 020 |
|
|
|a RU
|b 89-50228
|
| 035 |
|
|
|a (RuTPU)RU\TPU\book\274826
|
| 090 |
|
|
|a 252479
|
| 100 |
|
|
|a 20140304d1989 k y0rusy5003 ca
|
| 101 |
0 |
|
|a rus
|
| 102 |
|
|
|a RU
|
| 105 |
|
|
|a y l 000zy
|
| 200 |
1 |
|
|a Правила устройства и безопасной эксплуатации паровых и водогрейных котлов
|f СССР, Государственный комитет по надзору за безопасным ведением работ в промышленности и горному надзору (Госгортехнадзор СССР) ; под ред. И. Е. Дмитренко ; А. Н. Суслова
|
| 210 |
|
|
|a Москва
|c Энергоатомиздат
|d 1989
|
| 215 |
|
|
|a 176 с.
|
| 300 |
|
|
|a Утверждено Госгортехнадзором СССР 18 октября 1988 г.
|
| 606 |
1 |
|
|a Паровые котлы
|x Режим работы
|2 stltpush
|3 (RuTPU)RU\TPU\subj\48201
|9 67078
|
| 606 |
1 |
|
|a Водогрейные котлы
|x Монтаж
|2 stltpush
|3 (RuTPU)RU\TPU\subj\2794
|9 31309
|
| 610 |
1 |
|
|a правила
|
| 610 |
1 |
|
|a применение
|
| 610 |
1 |
|
|a выполнение
|
| 610 |
1 |
|
|a проектирование
|
| 610 |
1 |
|
|a конструкция
|
| 610 |
1 |
|
|a материалы
|
| 610 |
1 |
|
|a полуфабрикаты
|
| 610 |
1 |
|
|a изготовление
|
| 610 |
1 |
|
|a монтаж
|
| 610 |
1 |
|
|a ремонт
|
| 610 |
1 |
|
|a арматура
|
| 610 |
1 |
|
|a питательные устройства
|
| 610 |
1 |
|
|a помещения
|
| 610 |
1 |
|
|a водно-химический режим
|
| 610 |
1 |
|
|a надзор
|
| 610 |
1 |
|
|a обслуживание
|
| 610 |
1 |
|
|a ремонт
|
| 610 |
1 |
|
|a техническое освидетельствование
|
| 610 |
1 |
|
|a требования
|
| 610 |
1 |
|
|a приложения
|
| 675 |
|
|
|a 621.182(083)
|v 3
|
| 675 |
|
|
|a 697.4(083)
|v 3
|
| 702 |
|
1 |
|a Дмитренко
|b И. Е.
|4 340
|
| 702 |
|
1 |
|a Суслов
|b А. Н.
|4 340
|
| 712 |
0 |
1 |
|a СССР
|b Государственный комитет по надзору за безопасным ведением работ в промышленности и горному надзору (Госгортехнадзор СССР)
|c (1966-1990)
|2 stltpush
|3 (RuTPU)RU\TPU\col\2122
|
| 801 |
|
0 |
|a RU
|b RuMRKP
|c 19960704
|g psbo
|
| 801 |
|
1 |
|a RU
|b 63413507
|c 20140304
|
| 801 |
|
2 |
|a RU
|b 63413507
|c 20140418
|g RCR
|
| 942 |
|
|
|c BK
|